| 000 | 01471nam2a2200253 4500 | ||
|---|---|---|---|
| 001 | rc\2884286 | ||
| 005 | 20260315052504.0 | ||
| 035 | _a(NLR Aleph) 007036969 | ||
| 090 |
_a13585982 _c13585982 |
||
| 100 | _a20260315 rusy50 | ||
| 101 | 0 | _arus | |
| 102 | _aRU | ||
| 105 | _ay j ||||| | ||
| 200 | 1 |
_aУчебно-вспомогательный материал к заданию № 4. Место агроиндустриальных комбинатов в социалистическом земледелии _e[Из ст. Я. Никулихина] |
|
| 210 | _dБ. г. | ||
| 215 | _a6 с. | ||
| 300 | _aБез тит. л. и обл. | ||
| 461 | 0 |
_1001rc\2884285 _12001#$aКурс экономгеографии для высш. цикла (Вуз)$fМоск. ин-т нар. хоз-ва им. Г.В. Плеханова. Сектор заоч. обуч.$v[Задание № 4] _96059406 _aМосковский институт народного хозяйства им. Г.В. Плеханова. Сектор заочного обучения _c[Москва] _dБ. г. _fМоск. ин-т нар. хоз-ва им. Г.В. Плеханова. Сектор заоч. обуч. _nБ. и. _tКурс экономгеографии для высш. цикла (Вуз) _v[Задание № 4] |
|
| 702 | 1 |
_aНикулихин _bЯ. _4570 |
|
| 801 | 0 |
_aRU _bNLR _gpsbo |
|
| 801 | 1 |
_aRU _bELAR _2rusmarc |
|
| 852 |
_aNLR _j32-19/331(4) |
||
| 942 | _cUNSPEC | ||
| 980 | _aNB | ||